Gnomologium Parisinum ineditum (Record no. 154330)

MARC details
000 -LEADER
campo de control de longitud fija 00675nam a22001575i 4500
001 - NÚMERO DE CONTROL
campo de control 154330
003 - IDENTIFICADOR DE NÚMERO DE CONTROL
campo de control ES-MaACL
005 - FECHA Y HORA DE LA ÚLTIMA TRANSACCIÓN
campo de control 20230906205653.0
008 - DATOS DE LONGITUD FIJA--INFORMACIÓN GENERAL
campo de control de longitud fija 050906s1893 pl | |||||||| ||lat d
040 ## - FUENTE DE CATALOGACIÓN
Centro catalogador/agencia de origen CAM
Lengua de catalogación spa
Centro/agencia transcriptor CAM
245 00 - MENCIÓN DEL TÍTULO
Título Gnomologium Parisinum ineditum
Resto del título : appendix Vaticana /
Mención de responsabilidad, etc. edidit Leo Sternbach.
260 ## - PUBLICACIÓN, DISTRIBUCIÓN, ETC.
Lugar de publicación, distribución, etc. Cracovia :
Nombre del editor, distribuidor, etc. sumptibus Academia Litterarum :
-- apud Bibliopolam Societatis Librariae Polonicae,
Fecha de publicación, distribución, etc. 1893 (
Fabricante Typis Universitatis Iagellonicae, provisore A.M. Kosterkiewicz)
300 ## - DESCRIPCIÓN FÍSICA
Extensión 84 p. ;
Dimensiones 26 cm.
700 0# - ENTRADA AGREGADA--NOMBRE PERSONAL
Nombre de persona Sternbach, Leo.
9 (RLIN) 108132
852 ## - LOCALIZACIÓN
Ubicación ES-MaACL
Número de control de estantería T-838-F-7
Nota libre -- Enc. hol. conservando la cub. original
-- -- Enc. en un vol. facticio
Holdings
Estatus retirado Estado de pérdida Estado de daño No para préstamo Colección Biblioteca de origen Biblioteca actual Ubicación en estantería Fecha de adquisición Total de préstamos Signatura topográfica completa Código de barras Visto por última vez Precio de reemplazo Tipo de ítem Koha
        Colección de folletos Biblioteca del Ateneo de Madrid Biblioteca del Ateneo de Madrid Depósito folletos 17/01/2008   T-838-F-7 1161388 23/02/2023 23/02/2023 Folleto